Chasqui : Revista Latinoamericana de Comunicación : no. 12, octubre-diciembre de 1984 /

Guardado en:
Detalles Bibliográficos
Otros autores: Proaño, Luis Eladio (dirección) (dirección)
Formato: Libro
Idioma:Español
Publicado: Quito, Ecuador : CIESPAL, 1984,
Etiquetas: Agrega una etiqueta
Sin etiquetas, Sé el primero en etiquetar este registro!

MARC

LEADER 00000nam^a2200000^a^4500
001 000597058
005 20250521000000.0
009 20260310133119.127
037 |a Acervo ITESO - Biblioteca 
041 |a ESP 
091 |a FCR. 02268 
240 1 1 |a [Chasqui: Revista Latinoamericana de Comunicación] 
245 0 0 |a Chasqui :  |b Revista Latinoamericana de Comunicación : no. 12, octubre-diciembre de 1984 / 
264 4 |a Quito, Ecuador :  |b CIESPAL,  |c 1984, 
300 |a 100 p. 
336 |a texto  |b txt  |2 rdacontenido 
337 |a sin mediación  |b n  |2 rdamedio 
338 |a volumen  |b nc  |2 rdasoporte 
649 |a XX 
700 |a Proaño, Luis Eladio  |e (dirección) 
910 |a Fondo Cristina Romo Gil 
920 |a Impresos - Libros 
930 |a Fondos Especiales 
905 |a 143 
901 |a 597058-10  |b IT2  |c ESP  |i D120972  |u 20250521 
902 |a https://opac.biblio.iteso.mx/vufind/Record/000597058